Tabaquismo en Costa Rica: implicaciones del fumado activo y pasivo en la población general = Smoking in Costa Rica: implications of active and passive smoking in the general population /

Se muestra el resultado de un estudio que recopiló información sobre el consumo de tabaco, se señala que para dicha investigación se realizaron entrevistas en hogares. Se establece que la situación nacional en relación al consumo del tabaco es compleja y preocupante, dadas sus implicaciones en térmi...

Descripció completa

Guardat en:
Dades bibliogràfiques
Autor principal: Moreno Salas, Marjorie
Altres autors: Bajarano Orozco, Julio
Format: Text
Matèries:
Etiquetes: Afegir etiqueta
Sense etiquetes, Sigues el primer a etiquetar aquest registre!

MARC

LEADER 00000 a a2200000 04500
001 44411
003
040
100 |a Moreno Salas, Marjorie  
245 |a Tabaquismo en Costa Rica: implicaciones del fumado activo y pasivo en la población general =   |b Smoking in Costa Rica: implications of active and passive smoking in the general population /  |c Marjorie Moreno Salas, Julio Bajarano Orozco  
500 |a maryyuri12@gmail.com   |a bejarano@gmail.com  
520 |a Se muestra el resultado de un estudio que recopiló información sobre el consumo de tabaco, se señala que para dicha investigación se realizaron entrevistas en hogares. Se establece que la situación nacional en relación al consumo del tabaco es compleja y preocupante, dadas sus implicaciones en términos de salud pública, con base en los criterios de frecuencia, cantidad y patrones de uso.  
590 |a KSR/MAYO2013  
650 |a SALUD PUBLICA  
650 |a HABITO DE FUMAR  
650 |a TABACO  
650 |a COSTA RICA  
700 |a Bajarano Orozco, Julio  
773 |g número133 ( , 2011), páginas 167-177: tablas  
999 |c 24647  |d 24647 
773 0 |0 18728  |9 3015  |a Universidad de Costa Rica  |d San José, Costa Rica Editorial UCR 1956-  |o 15155  |t Revista de Ciencias Sociales/  |x 04825276